000 00351nam a2200169Ia 4500
003 0STCL
008 150530s9999 xx 000 0 und d
040 _aSTCL
_cSTCL
100 _aViyogi Hari
245 _aVinaya Patrika Sateek
260 _c1950
300 _a0
546 _aHindi
942 _2ddc
_cBK
999 _c66763
_d66763
005 20220125171331.0